000
00243nam a2200097Ia 4500
001
1207764
005
20250827022832.0
008
250824s9999 xx 000 0 und d
245
0
_a
YA SEN OLMASAYDIN
_c
İPEK ONGUN
260
_b
ARTEMİS YAYINLARI
999
_c
1207764
_d
1207764